| 000 | 00587nam a2200205Ia 4500 | ||
|---|---|---|---|
| 003 | OSt | ||
| 005 | 20220107122744.0 | ||
| 008 | 130318s9999 xx 000 0 und d | ||
| 020 | _a9788177227123 | ||
| 040 | _cIIITM-K | ||
| 082 | _a005.14 PUS/S | ||
| 100 |
_aPusuluri, Nageswara Rao _95002 |
||
| 245 |
_aSoftware testing: _bConcepts and tools _cby Nageswara Rao Pusuluri |
||
| 260 |
_bDreamtech Press, _aNew Delhi, _c2013. |
||
| 300 | _axxiv, 462p. | ||
| 650 |
_aCOMPUTER SCIENCE _95003 |
||
| 650 |
_aSOFTWARE ENGINEERING _95004 |
||
| 650 |
_aSOFTWARE TESTING _95005 |
||
| 942 |
_2ddc _cBK |
||
| 999 |
_c4112 _d4112 |
||